Wonderful world / (Record no. 9731)
[ view plain ]
| 000 -LEADER | |
|---|---|
| fixed length control field | 01512nam a22003137a 4500 |
| 001 - CONTROL NUMBER | |
| control field | 9731 |
| 003 - CONTROL NUMBER IDENTIFIER | |
| control field | FISKH |
| 005 - DATE AND TIME OF LATEST TRANSACTION | |
| control field | 20260130142137.0 |
| 008 - FIXED-LENGTH DATA ELEMENTS--GENERAL INFORMATION | |
| fixed length control field | 260130b cb ||||| |||| 00| 0 eng d |
| 020 ## - INTERNATIONAL STANDARD BOOK NUMBER | |
| International Standard Book Number | 1567845142 |
| 040 ## - CATALOGING SOURCE | |
| Original cataloging agency | FISKH |
| Language of cataloging | eng |
| Transcribing agency | FISKH |
| Modifying agency | FISKH |
| 050 ## - LIBRARY OF CONGRESS CALL NUMBER | |
| Classification number | LB1182 .R36 |
| 100 ## - MAIN ENTRY--PERSONAL NAME | |
| Personal name | Rangel-Ribeiro , Lea |
| 245 ## - TITLE STATEMENT | |
| Title | Wonderful world / |
| Statement of responsibility, etc. | Written by Lea and Victor Rangel-Ribeiro : Text illustrated by David Gantz |
| 260 ## - PUBLICATION, DISTRIBUTION, ETC. | |
| Place of publication, distribution, etc. | New York : |
| Name of publisher, distributor, etc. | Newbridge Communications , Inc , |
| Date of publication, distribution, etc. | 1984 . |
| 300 ## - PHYSICAL DESCRIPTION | |
| Extent | 66 unnumbered pages : |
| Other physical details | color illustrations ; |
| Dimensions | 21 X 28 cm . |
| 490 ## - SERIES STATEMENT | |
| Series statement | Early Skills Library |
| 505 ## - FORMATTED CONTENTS NOTE | |
| Formatted contents note | K <br/><br/> |
| 520 ## - SUMMARY, ETC. | |
| Summary, etc. | Wonderful World introduces young children to the world around them. The book helps early readers learn about nature, places, and everyday things in their environment through simple text and engaging illustrations. It encourages children to observe, identify, and understand the beauty and diversity of the world while building early reading and thinking skills. The book is designed to support vocabulary development, basic concepts, and curiosity about the environment. |
| 521 8# - TARGET AUDIENCE NOTE | |
| Target audience note | 510 <br/> |
| Source | Lexile estimate <br/> |
| 521 8# - TARGET AUDIENCE NOTE | |
| Target audience note | K <br/><br/> |
| Source | Raz-Plus <br/> |
| 650 ## - SUBJECT ADDED ENTRY--TOPICAL TERM | |
| Topical term or geographic name entry element | Around the world |
| Form subdivision | Juvenile Literature |
| 650 ## - SUBJECT ADDED ENTRY--TOPICAL TERM | |
| Topical term or geographic name entry element | Multicultural |
| Form subdivision | Juvenile Literature |
| 700 ## - ADDED ENTRY--PERSONAL NAME | |
| Personal name | Gantz , David |
| Relator term | Text Illustrator |
| 700 ## - ADDED ENTRY--PERSONAL NAME | |
| Personal name | LaPenta , Marilyn |
| Relator term | Educational Consultant |
| 700 ## - ADDED ENTRY--PERSONAL NAME | |
| Personal name | Girouard , Patrick |
| Relator term | Cover Illustrator |
| 942 ## - ADDED ENTRY ELEMENTS (KOHA) | |
| Source of classification or shelving scheme | Dewey Decimal Classification |
| Koha item type | Books |
| Suppress in OPAC | No |
| Withdrawn status | Lost status | Source of classification or shelving scheme | Damaged status | Not for loan | Collection | Home library | Current library | Shelving location | Date acquired | Total Checkouts | Full call number | Barcode | Date last seen | Price effective from | Koha item type |
|---|---|---|---|---|---|---|---|---|---|---|---|---|---|---|---|
| Dewey Decimal Classification | Juvenile Fiction | Footprints International School Library Network Toul Tom Poung Campus | Footprints International School Library Network Toul Tom Poung Campus | TTP Primary Yellow Bookshelves | 01/30/2026 | RAN LB1182 .R36 | 2026-0233 | 01/30/2026 | 01/30/2026 | Books |
